000 01542nam a22002057a 4500
005 20250925092723.0
008 250925b |||||||| |||| 00| 0 eng d
020 _a9780349117362
040 _cAL
041 _aEnglish
082 _a294.3
_bLAMU
100 _aDalai Lama
_9240352
245 _aUniverse in a single atom
_b: how science and spirituality can serve our world
260 _aLondon
_bAbacus
_c2005
300 _a229 p.
_bPB
_c20x12.5cm
365 _b₹499.00
_c
_d₹499.00
520 _aIn this rare personal investigation, His Holiness the Dalai Lama discusses his vision of science and faith working hand in hand to alleviate human suffering. Drawing on a lifetime of scientific study and religious practice, he explores the great debates and makes astonishing connections between seemingly disparate topics - such as evolution and karma - that will change the way we look at the world. While he sees science and faith as 'complementary but different investigative approaches with the same goal of seeking the truth,' the fact is that the two have often been at the root of human conflict for centuries. The Dalai Lama challenges us to see that the benefits of opening our hearts and minds to the connections between science and faith are far preferable to perpetuating the divisive rhetoric that often surrounds them. Now, as we face such troubled and uncertain times, the need has never been greater for this extraordinary man's compassion and wisdom.
650 _aBuddhism and science
_9240353
942 _2ddc
_cBK
999 _c240500
_d240500